| 000 | 00604nam a2200181 a 4500 | ||
|---|---|---|---|
| 001 | 000016398 | ||
| 005 | 20200929164416.0 | ||
| 008 | 100304s1996 dr 000 0 spa d | ||
| 040 | _aDO-SdBNP | ||
| 082 |
_axxx _bA174c |
||
| 100 | 1 |
_aAcevedo Pérez, Rafael _922174 |
|
| 245 | 1 | 0 |
_aEn las calles el peligro habla : _blos mensajes del espacio vial / _cRafael Acevedo Pérez. |
| 260 |
_aSanto Domingo : _bTaller, _c1996. |
||
| 300 |
_a152 p. ; _c23 cm. |
||
| 500 | _aIncluye datos biográficos del autor en la contracubierta | ||
| 504 | _aIncluye referencias bibliográficas (P. 151-152) | ||
| 049 | _aBNPD | ||
| 999 |
_c15933 _d15933 |
||